| 000 | 01456nam a2200301 i 4500 | ||
|---|---|---|---|
| 003 | EG-ScBUE | ||
| 005 | 20231023121838.0 | ||
| 008 | 100330s2009 ua f b 000 0baara d | ||
| 017 | _a2010 / 3677 | ||
| 020 | _a9771807021 | ||
| 040 |
_aEG-ScBUE _bara _erda _cEG-ScBUE _dEG-ScBUE |
||
| 043 | _af-ua--- | ||
| 082 | 0 | 4 |
_222 _a923.262 _bم ر س |
| 100 | 1 |
_913312 _aمرسي، إبراهيم العدل، _eمؤلف. |
|
| 245 | 1 | 0 |
_aعدلي يكن : _bالأرستقراطية والحركة الوطنية االمصرية / _cتأليف د. إبراهيم العدل المرسي. |
| 264 | 1 |
_aالقاهرة : _bمركز تاريخ مصر المعاصر، الإدارة المركزية للمراكز العلمية، دار الكتب والوثائق القومية، _c2009. |
|
| 300 |
_a376 صفحة ؛ _c23 سم |
||
| 336 |
_2rdacontent _aنص _btxt |
||
| 337 |
_2rdamedia _aبدون وسيط _bn |
||
| 338 |
_2rdacarrier _aمجلد _bnc |
||
| 490 | 0 |
_aسلسلة دراسات علمية فى تاريخ مصر الحديث والمعاصر ؛ _v77 |
|
| 504 | _aيشتمل على إرجاعات ببليوجرافية. | ||
| 600 | 1 | 7 |
_2BUEsh _aيكن، عدلي، _d1863 أو 4-1933 أو 4. |
| 650 | 7 |
_913310 _aالسياسيون المصريون _vتراجم. _2BUEsh |
|
| 651 | 7 |
_913311 _aمصر _xتاريخ _yالعصر الحديث _yالاحتلال البريطاني (1882-1956). _2BUEsh |
|
| 655 | _vReading book | ||
| 942 |
_2ddc _cBB |
||
| 999 |
_c13831 _d13831 |
||